000 00361nam a2200133Ia 4500
008 230411s9999 xx 000 0 und d
041 _aeng
082 _aR/610.724/TAL/B01745
100 _aTalbot Laura
_9176983
245 _aPrinciples and practice of nursing research
260 _bMosby
_aSt Louis
_c1995
300 _a700p
999 _c152988
_d152988